000 00436nam a2200157 i 4500
020 _a2225492476
040 _cDLC
082 0 0 _a574 MAS 1978 A057 Or.
100 1 _aKiener, André.
245 1 0 _aÉcologie, physiologie et économie des eaux saumâtres /
260 _aParis ;
_aNew York :
_bMasson,
_c1978.
300 _axii, 220 p. :
_bill. ;
_c24 cm.
650 0 _aBrackish water biology.
650 0 _aBrackish waters.
942 _cFB
999 _c13905
_d13905